[Event "European Rapid Playoff 2011"]
[Site "Warsaw POL"]
[Date "2011.12.18"]
[Round "3"]
[White "Korobov, Anton"]
[Black "Erdos, Viktor"]
[Result "1-0"]
[WhiteTitle "GM"]
[BlackTitle "GM"]
[WhiteElo "2660"]
[BlackElo "2623"]
[WhiteFideId "14105730"]
[BlackFideId "719978"]
[EventDate "2011.12.18"]

1. d4 d5 2. c4 c6 3. Nc3 Nf6 4. Nf3 e6 5. Bg5 h6 6. Bh4 Be7 7. e3 Ne4 8. Bg3
Nxg3 9. hxg3 Nd7 10. Bd3 b6 11. O-O Bb7 12. Qe2 O-O 13. Rad1 Qc7 14. Rc1 dxc4
15. Bxc4 Rac8 16. e4 Nf6 17. e5 Nd5 18. Bxd5 cxd5 19. Nxd5 Bxd5 20. Rxc7 Rxc7
21. a3 Rfc8 22. Rd1 Rc2 23. Rd2 Rc1+ 24. Kh2 h5 25. Ne1 Bg5 26. Rc2 R8xc2 27.
Nxc2 h4 28. f4 hxg3+ 29. Kxg3 Be7 30. Ne3 Be4 31. Qb5 Bc6 32. Qa6 Re1 33. Qc8+
Bf8 34. Qxc6 Rxe3+ 35. Kg4 Rd3 36. Qe4 Rd2 37. b4 g6 38. g3 Kg7 39. Qb7 a5 40.
Qxb6 axb4 41. axb4 Rb2 42. b5 Rb3 43. d5 Bb4 44. dxe6 Be1 45. Qg1 Bb4 46. Qa7 1-0

[Event "European Rapid Playoff 2011"]
[Site "Warsaw POL"]
[Date "2011.12.18"]
[Round "3"]
[White "Olszewski, Michal"]
[Black "Movsesian, Sergei"]
[Result "1/2-1/2"]
[WhiteTitle "GM"]
[BlackTitle "GM"]
[WhiteElo "2539"]
[BlackElo "2710"]
[WhiteFideId "1121251"]
[BlackFideId "310204"]
[EventDate "2011.12.18"]

1. d4 d5 2. c4 c6 3. Nf3 Nf6 4. Nc3 a6 5. a4 e6 6. g3 c5 7. cxd5 cxd4 8. Nxd4
Nxd5 9. Bg2 Nxc3 10. bxc3 e5 11. Nb3 Qxd1+ 12. Kxd1 Nc6 13. Be3 Be6 14. Nc5
O-O-O+ 15. Kc2 Bf5+ 16. Be4 Bxe4+ 17. Nxe4 Be7 18. Bb6 Rd7 19. Rhd1 f5 20. Rxd7
Kxd7 21. Rd1+ Ke6 22. Nd2 Rc8 23. Kb3 Bd8 24. Nc4 Bxb6 25. Nxb6 Rc7 26. Rd5 g5
27. e3 h5 28. c4 h4 29. c5 Na5+ 30. Kc3 Rc6 31. Kb4 Rxb6+ 32. cxb6 Kxd5 33. Kxa5
Kc5 1/2-1/2